000 01172naa a22003017a 4500
001 BR8205955
003 BR-BrBNA
005 20240918175207.0
007 ta
008 230509b bl.||||| |||| 00| 0 por d
040 _aBR-BrBNA
_bpor
_cBiblioteca Nacional de Agricultura
041 _a(Pt)
072 _aH20
_b0180
_b4120
090 _aH20 BR8205955
100 1 _aCoelho, E.T.
111 1 _a12. Reuniao Nacional de Pesquisa de Trigo
_cCascavel, PR (Brazil)
_d19-23 Jul 1982
245 1 _aTestes de resistencia as racas de Puccinia graminis Tritici (ferrugem do colmo do trigo)[Triticum spp., fungo]
260 3 _aPasso Fundo, RS (Brasil):
_c1982.
500 _aResultados de pesquisa apresentados na 12. Reuniao Nacional de Pesquisa de Trigo Passo Fundo, RS (Brasil): 1982. p. 223 (BR8205955-AM)H20
650 _aTRIGO
650 _aFUNGO
650 _aFERRUGEM DO COLMO
650 _aRACA FISIOLOGICA
650 _aVARIEDADE RESISTENTE
773 0 _tResultados de pesquisa apresentados na 12. Reuniao Nacional de Pesquisa de Trigo
_wH20 BR8205955
_gPasso Fundo, RS (Brasil), 1982. p. 223
909 _a202404
_bLucia
_c55
_dLucia Elande
942 _cAM
_2AGRIS
999 _c315508
_d315508